[Event "Fall Chess Classic-B 2018"]
[Site "Saint Louis"]
[Date "2018.10.18"]
[Round "9"]
[White "Boros, Denes"]
[Black "Ashwin, Jayaram"]
[Result "1/2-1/2"]
[WhiteElo "2439"]
[BlackElo "2494"]
[Annotator "TA"]
[PlyCount "105"]
[EventDate "2018.10.10"]
[EventType "tourn"]
[EventCountry "USA"]
[SourceTitle "playchess.com"]
[Source "ChessBase"]
[SourceQuality "1"]

{[%evp 10,105,7,8,17,12,63,56,57,42,131,127,164,183,172,16,16,17,19,19,24,24,16,13,14,13,26,6,38,0,8,0,38,-14,9,7,8,0,0,0,0,0,3,20,7,0,0,0,15,0,0,0,0,0,0,0,28,14,22,17,77,77,78,79,95,69,69,75,84,45,54,14,22,2,2,2,13,2,104,16,18,0,0,0,0,0,0,0,0,0,0,0,0,0,0,0,0,0]} 1. d4 Nf6 2. Bg5 d5 3. e3 c6 4. Nd2 Bf5 5. Ngf3 Nbd7 6. c4 {LiveBook: 4 Games. D03: 1 d4 d5 2 Nf3 Nf6 3 Bg5, including Torre Attack with early ...d5} h6 (6... e6 7. Qb3 Qb6 8. c5 Qc7 9. Bd3 Bxd3 10. Qxd3 b6 11. b4 a5 12. cxb6 Qxb6 13. bxa5 Rxa5 {½-½ (57) Andreikin,D (2712)-Wojtaszek,R (2736) Dortmund 2017}) 7. Bxf6 Nxf6 (7... exf6 $11 8. cxd5 cxd5) 8. cxd5 $14 {White is slightly better.} cxd5 9. Qb3 Qc7 $146 ({Black should try} 9... Bd7 $14) ({Predecessor:} 9... Qb6 10. Bb5+ Bd7 11. Bxd7+ Nxd7 12. Qxd5 e6 13. Qc4 {1-0 (25) Bultman,M-Truksa,V Czech Republic 1999}) 10. Bb5+ $16 Kd8 {[#]} 11. Ne5 $1 {[%cal Re5f7]} e6 12. Bd3 $2 (12. O-O $18 Bc2 {[#]} 13. Nxf7+ $1 {[%mdl 512]} Qxf7 14. Qxc2) 12... Bxd3 $11 13. Nxd3 Bd6 14. Rc1 Qb6 15. Qxb6+ axb6 16. a3 Ke7 17. Ke2 Rhc8 18. f3 Nd7 19. e4 dxe4 20. fxe4 e5 21. dxe5 ({Better is} 21. d5 $14) 21... Bxe5 22. Nf3 f6 23. Nfxe5 fxe5 24. Rhd1 Ke6 25. Ke3 Rc6 26. Nb4 Rc5 27. Nd3 Rc6 28. Nb4 Rc5 29. Rc2 Rxc2 30. Nxc2 {[%mdl 4096] Endgame KRN-KRN} Rc8 31. Nb4 Nf6 32. Nd5 Nxd5+ 33. Rxd5 {KR-KR} Rc2 $1 34. Rb5 Rc6 (34... Rxg2 $11 35. Rxb6+ Kd7) 35. a4 Kd6 36. Kf3 Ke6 37. Kg4 g6 $1 38. h4 {[%cal Bh2h4,Bh4h5][%mdl 32]} Kf6 39. h5 g5 40. b4 Ke6 41. a5 Kf6 42. Kf3 Ke6 43. g3 Kd6 (43... Rd6 $11) 44. Kg4 ({But not} 44. Rxb6 $6 Rxb6 45. axb6 Ke7 $11) (44. axb6 $16 Ke6 45. Rc5 Rxb6 46. b5) 44... Ke6 {The position is equal.} 45. Rxb6 Rxb6 46. axb6 {KP-KP} Kf6 47. Kf3 Ke7 48. Ke3 Kd6 49. Kd3 {Threatens to win with Kc4.} Kc6 50. Kc4 {g4 is the strong threat.} g4 51. b5+ Kd6 $1 52. Kb4 Kd7 53. Kc4 {Precision: White = 49%, Black = 49%.} 1/2-1/2

[Event "Fall Chess Classic-B 2018"]
[Site "Saint Louis"]
[Date "2018.10.18"]
[Round "9"]
[White "Jacobson, Brandon"]
[Black "Chandra, Akshat"]
[Result "0-1"]
[WhiteElo "2412"]
[BlackElo "2471"]
[Annotator "TA"]
[PlyCount "106"]
[EventDate "2018.10.10"]
[EventType "tourn"]
[EventCountry "USA"]
[SourceTitle "playchess.com"]
[Source "ChessBase"]
[SourceQuality "1"]

{[%evp 14,106,33,33,65,21,66,62,106,74,88,32,31,28,26,31,27,13,41,33,57,56,41,30,37,33,69,18,108,93,85,0,6,-35,27,-90,0,-12,-4,-180,-153,-149,-137,-233,-235,-340,-330,-333,-232,-228,-226,-236,-234,-262,-215,-224,-202,-220,-223,-258,-245,-256,-248,-256,0,-248,-200,-281,-283,-277,-268,-320,-312,-310,-315,-375,-373,-426,-412,-410,-403,-480,-377,-450,-447,-430,-434,-485,-482,-476,-461,-994,-994,-979,-958]} 1. e4 e6 2. d4 d5 3. e5 c5 4. c3 Nc6 5. Nf3 Qb6 6. Be2 Bd7 7. O-O Rc8 8. dxc5 Qc7 {C02: French: Advance Variation} (8... Bxc5 9. b4 Bf8 10. Na3 Nge7 11. Rb1 Ng6 12. c4 Nxb4 13. cxd5 exd5 14. Bd2 a5 15. Qb3 Bc5 16. Nc2 O-O 17. Nxb4 axb4 18. a3 Bf5 19. Bd3 Be4 20. axb4 Bd4 21. Bxe4 dxe4 22. Ng5 Nxe5 {½-½ (22) Durarbayli,V (2596)-Nyzhnyk,I (2622) Chicago 2016}) 9. c4 $146 ({Predecessor:} 9. Bf4 Bxc5 10. b4 Be7 11. Bd3 h5 12. Re1 Nh6 13. Nbd2 Qd8 14. Nb3 g5 15. Bd2 g4 16. Nfd4 Nxd4 17. Nxd4 {1-0 (35) Nemec,P (2245)-Hajek,J (2235) Czechoslovakia 1990}) 9... dxc4 10. Na3 (10. Bxc4 Nxe5 11. Bf4 Nxf3+ 12. Qxf3 Qxc5 $15) 10... Na5 {White is slightly better.} 11. b4 (11. Nxc4 $6 Nxc4 12. Bxc4 Bxc5 $11) 11... cxb3 12. Nb5 (12. axb3 $16 {Threatens to win with b4.} Bxc5 13. Rb1) 12... Bxb5 $1 $14 13. Bxb5+ Nc6 14. Qxb3 Bxc5 15. Qc4 $36 {[%mdl 2048] White has good play.} b6 16. Qg4 $1 {[%cal Rg4g7][%mdl 1024] White has compensation.} Kf8 17. Bb2 Nge7 18. Rac1 h6 19. Rfd1 Rd8 20. h4 (20. Rd6 $14) 20... g6 (20... Nb4 $11) 21. Rd6 $1 $16 Rh7 22. Rxd8+ (22. Qa4 $16 {[%cal Rb5c6]} Rxd6 23. exd6 Qxd6 24. h5 $1 {[%mdl 512]} gxh5 25. Rd1) 22... Qxd8 $11 23. h5 Rg7 (23... gxh5 $15 24. Qa4 (24. Qxh5 Qd5 $15) (24. Qe4 Rg7 $15) 24... Nb4) 24. Qe4 (24. Qa4 $1 $11 {keeps the balance.} Qa8 25. Rd1) 24... Nb4 ({Better is} 24... gxh5 $17 25. Bxc6 Rg4) 25. a3 Nbd5 26. Rd1 $2 (26. hxg6 $11 {and White is okay.} Rxg6 27. Nd4) 26... gxh5 $19 27. Bc1 Kg8 28. Bxh6 (28. Qc2 $17) 28... Rg4 29. Qe2 (29. Qc2 $142) 29... Nf5 (29... Bxa3 30. Nh2 $17) 30. Qd2 Nxh6 (30... Bxa3 31. Bg5 $19) 31. Qxh6 Qf8 32. Qxf8+ Kxf8 33. Kf1 Nc3 34. Rd8+ Kg7 35. Be8 {[#]} Rf4 $1 (35... Bxa3 36. Rd7 $15) 36. Ra8 a5 37. Ra7 Kf8 (37... Bxa3 38. Ng5 $11) 38. Ra8 Kg7 (38... Bxa3 39. Ng5 $15) 39. Ra7 $1 Kg6 (39... Bxa3 40. Ng5 $11) 40. Rb7 (40. Bc6 {was called for.}) 40... Ne4 ({Less strong is} 40... Bxa3 41. Rxb6 Kg7 42. Rc6 $17) 41. Bc6 {intending g3.} h4 ({Not} 41... Bxa3 42. g3 $17) 42. Rb8 Nxf2 43. Rh8 Ng4 44. Ke2 Nh6 45. a4 Kg7 46. Rd8 Nf5 47. Kd3 Ne3 48. Nd2 {[#]} Nd5 $1 {Black is clearly winning.} 49. Bxd5 {Strongly threatening Bc6.} Rd4+ ({Weaker is} 49... exd5 50. Rxd5 Rg4 51. Nb3 $19) 50. Ke2 {White hopes to continue with Nf3.} exd5 51. Nf3 Re4+ 52. Kd3 (52. Kd1 $142) 52... h3 53. Rxd5 Re3+ {Precision: White = 37%, Black = 62%.} 0-1